Non Eredivisie teams that have played in Europe - Statistics

General Stats
  • This quiz has been taken 13 times
  • The average score is 4 of 10
Answer Stats
Times competed Last season Answer % Correct
6 2011/12 ADO Den Haag
83%
15 2021/22 Vitesse
83%
11 2005/06 Roda JC
67%
7 2020/21 Willem II
67%
1 1982/83 HFC Haarlem
17%
2 2001/02 RKC Waalwijk
17%
1 1964/65 DWS
8%
1 1974/75 FC Amsterdam
8%
1 1958/59 DOS
0%
1 1956/57 Rapid JC
0%
No matching quizzes found
Score Distribution
Percent of People with Each Score
Percentile by Number Answered
Your Score History
You have not taken this quiz